| 000 | 00589nam a22002057a 4500 | ||
|---|---|---|---|
| 003 | OSt | ||
| 008 | 251128b |||||||| |||| 00| 0 eng d | ||
| 082 |
_a638.14 _bS15F |
||
| 100 | _aSanjivan Kumar | ||
| 245 | _aForaging Behaviour and Population Efficiency of Honey Bee in Seed Production of Sunflower (Helianthus annus L.) | ||
| 260 |
_a.- Pusa, Samastipur _b: RAU _c, 1999 |
||
| 300 | _a34p. | ||
| 650 | _aEntomology and Agricultural Zoology | ||
| 650 | _aSunflower | ||
| 650 | _aHoney Bee | ||
| 650 | _aSeed Production | ||
| 650 | _aThesis | ||
| 650 | _aM. Sc. | ||
| 942 |
_2ddc _cT |
||
| 999 |
_c49254 _d49254 |
||